[Event "XX Open"]
[Site "Metz FRA"]
[Date "2002.04.18"]
[Round "6"]
[White "Eingorn,V"]
[Black "Shirazi,K"]
[Result "1-0"]
[WhiteElo "2598"]
[BlackElo "2455"]

1.Nf3 c5 2.c4 Nf6 3.Nc3 b6 4.e3 Bb7 5.d4 cxd4 6.exd4 g6 7.Be2 Bg7 8.d5 O-O
9.O-O e6 10.Bg5 h6 11.Bh4 exd5 12.cxd5 Na6 13.Nd4 Rc8 14.Ndb5 Rc5 15.Nd6 Qa8
16.Bxf6 Bxf6 17.Nde4 Be5 18.Nxc5 Nxc5 19.Qd2 Bxc3 20.Qxc3 Bxd5 21.f3 h5 22.Rfd1 Re8
23.Bf1 Bc6 24.b4 Na4 25.Qd4 b5 26.Re1 Rf8 27.Re5 Qb8 28.Rae1 a6 29.Qd2 Qd8
30.Bd3 Qf6 31.Qh6 Qg7 32.Qf4 Nc3 33.Qd4 Na4 34.Bc2 Qf6 35.Bxa4 bxa4 36.R5e4 Qxd4+
37.Rxd4 Rb8 38.Re5 Kf8 39.a3 Rc8 40.Rc4 Rb8 41.h4 Bb5 42.Rc3 Rb6 43.Kf2 Rd6
44.Ke1 Kg7 45.Ree3 Rd4 46.g3 Kf6 47.Rc2 Rd6 48.Rd2 Rb6 49.Rd5 Kg7 50.Kd2 Bc6
51.Rd4 Bb5 52.Re5 Kf6 53.Re8 Kg7 54.Re3 Kf8 55.Re5 Rf6 56.f4 Rb6 57.f5 Rf6
58.fxg6 Rxg6 59.Rg5 Re6 60.Rxh5 Re2+ 61.Kc1 Re3 62.Rg5 Rxa3 63.h5 f6 64.Rf4 Rc3+
65.Kb2 Rb3+ 66.Ka2 Bc4 67.Ka1 Ra3+ 68.Kb2 Rb3+ 69.Kc2 Bd3+ 70.Kd2 Ke7 71.Rc5 a3
72.Ra5 Bb5 73.h6 Kf7 74.Rg4 Rd3+ 75.Ke1 Re3+ 76.Kf2 Re2+ 77.Kf3 f5 78.Rh4 Re8
79.h7 Bc6+ 80.Kf2 Rh8 81.Rxa6 Kg7 82.Rxa3 Kg6 83.Ra5 Kg5 84.Rc5 Bb7 85.b5 d6
86.Rc7 Be4 87.Rg7+  1-0

[Event "TCh-ISR"]
[Site "ISR"]
[Date "2002.04.19"]
[Round "9"]
[White "Grinshpun,E"]
[Black "Greenfeld,A"]
[Result "0-1"]
[WhiteElo "2365"]
[BlackElo "2574"]

1.Nf3 Nf6 2.c4 c5 3.Nc3 e6 4.g3 b6 5.Bg2 Bb7 6.O-O Be7 7.d4 cxd4 8.Qxd4 d6
9.Bg5 a6 10.Bxf6 Bxf6 11.Qd3 Ra7 12.Rfd1 Be7 13.Ne4 O-O 14.Rac1 Ba8 15.b4 Rc7
16.a3 Bxe4 17.Qxe4 Qc8 18.Qf4 Nd7 19.Bf1 e5 20.Qd2 Nf6 21.e3 Qf5 22.Qe2 Rfc8
23.Nd2 d5 24.e4 dxe4 25.Bg2 a5 26.Nxe4 axb4 27.axb4 Bxb4 28.Nxf6+ Qxf6 29.Bd5 Bc5
30.Rb1 Re8 31.Be4 g6 32.Kg2 Kg7 33.Rb3 Bd4 34.Bd5 Ree7 35.Ra3 Ra7 36.Rdd3 Bc5
37.Rxa7 Rxa7 38.Rd2 h5 39.Ra2 Ra5 40.Rd2 Bd4 41.Rd3 Qd6 42.h3 Ra1 43.g4 h4
44.Rf3 f6 45.Qe4 Ra7 46.g5 fxg5 47.Qg4 Qd8 48.Qe6 e4 49.Bxe4 Bf6 50.Bd5 Rc7
51.Qxb6 Rd7 52.Qe6 Ra7 53.Rb3 Re7 54.Qg4 Kh6 55.Ra3 Qb6 56.Qc8 Re2 57.Rf3 Re1
58.Qb7 Qd4 59.Bg8 Bg7 60.Qd5 Qa1 61.Rf7 Rg1+ 62.Kh2 Qf1 63.f4 Qf2+  0-1

[Event "TCh-ISR"]
[Site "ISR"]
[Date "2002.04.19"]
[Round "9"]
[White "Gurevich,D"]
[Black "Sutovsky,E"]
[Result "1/2-1/2"]
[WhiteElo "2544"]
[BlackElo "2656"]

1.Nf3 Nf6 2.c4 c5 3.Nc3 d5 4.cxd5 Nxd5 5.e4 Nb4 6.Bb5+ N8c6 7.d4 cxd4 8.a3 dxc3
9.Qxd8+ Kxd8 10.axb4 cxb2 11.Bxb2 Bd7 12.Bxc6 Bxc6 13.Ne5 Ke8 14.Nxc6 bxc6
15.Ke2 e6 16.Ra4 Bd6 17.Rha1 Bb8 18.g3 f6 19.Ra6 Ke7 20.Rxc6 Bd6 21.Rd1 Rhd8
22.b5 Bb4 23.Rc7+ Kf8 24.Rxa7 Rxa7 25.Rxd8+ Ke7 26.Rd4 Bc5 27.Rc4 Kd6 28.Rc2 Rb7
29.e5+ fxe5 30.Rd2+ Bd4 31.Bxd4 exd4 32.Rxd4+ Kc5 33.Ke3 Kxb5 34.Ke4 Kc6
35.Ke5 Rb2 36.Kxe6 Re2+ 37.Kf7 Rxf2+ 38.Kxg7 Rxh2 39.Rh4 Rxh4 40.gxh4 h5  1/2-1/2

[Event "TSGM"]
[Site "Belgrade YUG"]
[Date "2002.04.21"]
[Round "2"]
[White "Stojanovic,Mih"]
[Black "Nyysti,S"]
[Result "1-0"]
[WhiteElo "2453"]
[BlackElo "2245"]

1.Nf3 Nf6 2.c4 c5 3.Nc3 d5 4.cxd5 Nxd5 5.Qa4+ Nc6 6.Ne5 Nxc3 7.dxc3 Qa5 8.Qxa5 Nxa5
9.e4 a6 10.b4 cxb4 11.cxb4 Nc6 12.Nxc6 bxc6 13.Bd2 e5 14.Rc1 Kd7 15.Bc4 Rb8
16.Rb1 f6 17.Ke2 Bd6 18.Rb3 Bb7 19.Rd1 Ke7 20.Be3 Rhd8 21.Ba7 Ra8 22.Be3 Bc8
23.Bb6 Bg4+ 24.f3 Rdb8 25.Bc5 Bxc5 26.bxc5 Rxb3 27.axb3 Bc8 28.Ra1 Rb8 29.Kd3 Kd7
30.Kc3 Kc7 31.Ra4 Ra8 32.Kb4 Rb8+ 33.Ka5 Bb7 34.Rb4 Rd8 35.g4 Rd2 36.Bxa6 Ba8
37.Ra4 Rf2 38.b4 Rxf3 39.Ra2 Rf4 40.Rd2 Rxe4 41.h3 h5 42.gxh5 Re3 43.Ka4 Rg3
44.Rd6 Bb7 45.Bxb7 Kxb7 46.h6 gxh6 47.Rxf6 Rxh3 48.Rf7+ Kb8 49.Re7 Kc8 50.Ka5 Rb3
51.Rxe5 Kd7 52.Re4 Kc7 53.Re7+ Kd8 54.Rh7 Ra3+ 55.Kb6 Rb3 56.Kxc6 Rxb4 57.Rxh6 Rc4
58.Rh8+ Ke7 59.Rh7+ Kd8 60.Rh8+ Ke7 61.Rc8 Rb4 62.Kc7 Rb1 63.c6 Rb2 64.Rh8 Rc2
65.Rh1 Re2 66.Rd1 Re3 67.Kc8 Rc3 68.c7 Rb3 69.Re1+ Kf7 70.Re4 Rb2 71.Kd7 Rd2+
72.Kc6 Rc2+ 73.Kd6 Rc1 74.Re5  1-0

[Event "Open"]
[Site "Dubai UAE"]
[Date "2002.04.24"]
[Round "8"]
[White "Saleh,Nag"]
[Black "Alibaev,A"]
[Result "0-1"]
[WhiteElo "2269"]
[BlackElo "2317"]

1.Nf3 Nf6 2.c4 c5 3.Nc3 g6 4.g3 Bg7 5.Bg2 O-O 6.O-O Nc6 7.d4 d6 8.d5 Na5
9.Nd2 a6 10.Rb1 Rb8 11.b3 e6 12.Bb2 exd5 13.cxd5 b5 14.Qc2 b4 15.Nd1 Bd7
16.e4 Bb5 17.Re1 Ng4 18.Bxg7 Kxg7 19.h3 Nf6 20.f4 Rc8 21.Qb2 Kg8 22.Ne3 Re8
23.e5 Nh5 24.Kh2 dxe5 25.fxe5 c4 26.bxc4 Nxc4 27.Ndxc4 Bxc4 28.Qd4 Bxa2 29.Rxb4 Qa5
30.Ng4 f5 31.d6 fxg4 32.h4 Qd8 33.d7 Be6 34.dxc8=Q Qxc8 35.Reb1 Rd8 36.Qa7 Qc3
37.Rb8 Qxg3+ 38.Kg1 Bc8 39.Qf2 Qxe5 40.Qa2+ Kg7 41.Qb2 Qxb2 42.R1xb2 Rd1+
43.Kf2 g3+ 44.Ke3 Bf5 45.R2b7+ Kh6 46.Rb3 Re1+ 47.Kd2 Rg1 48.Bf3 g2 49.Bxg2 Rxg2+
50.Ke1 Nf4 51.Rd8 Rh2 52.Rf3 Ng2+  0-1

[Event "TUR-BUL Chess Summit"]
[Site "Istanbul TUR"]
[Date "2002.04.27"]
[Round "6"]
[White "Andonov,B"]
[Black "Laciner,K"]
[Result "1-0"]
[WhiteElo "2364"]
[BlackElo "2194"]

1.Nf3 Nf6 2.c4 c5 3.Nc3 d5 4.cxd5 Nxd5 5.d4 Nxc3 6.bxc3 g6 7.e3 Bg7 8.Bb5+ Nd7
9.a4 O-O 10.O-O Qc7 11.Ba3 b6 12.a5 Rd8 13.Qe2 Nf8 14.Ng5 Bb7 15.Bc4 e6 16.Rac1 h6
17.Nf3 Nh7 18.Rfd1 Rac8 19.e4 Nf6 20.e5 Nd5 21.Nd2 Qc6 22.f3 h5 23.Bb5 Qc7
24.g3 Bh6 25.f4 Ne7 26.Ne4 Bxe4 27.Qxe4 Bf8 28.dxc5 bxc5 29.a6 Rxd1+ 30.Rxd1 Nd5
31.Rxd5 exd5 32.Qxd5 c4 33.Bd6 Bxd6 34.exd6 Qb6+ 35.Kg2 Rd8 36.d7 Qc7 37.f5 Kg7
38.fxg6 fxg6 39.Qd4+ Kh7 40.h4 Kh6 41.Qe3+ Kg7 42.Qe7+ Kh6 43.Kh3 Rb8 44.Qe3+ Kh7
45.Qd4 Rd8 46.Qd5 Kh6 47.Ba4 Kg7 48.Qd4+ Kh7 49.Qd5 Kg7 50.Qe6 Kh6 51.Qe3+ Kh7
52.Qe7+ Kh6 53.Qe6 Kg7 54.Kh2 Qc5 55.Bc6 Qf2+ 56.Bg2 Qc5 57.Qe8 Qf8 58.Qe5+ Qf6
59.Qc7 Qe7 60.Qxa7 Rxd7 61.Qb6 Kh7 62.Qc6 Qf7 63.Qc5 Kg7 64.Qe5+ Kh7 65.Qc5 Kg7
66.Qb6 Qe7 67.Qf2 Kh7 68.Bc6 Rc7 69.Bd5 Qd7  1-0

[Event "OUCC Open"]
[Site "Oxford ENG"]
[Date "2002.04.28"]
[Round "4"]
[White "Meyer,Harv"]
[Black "Eklund,J"]
[Result "1-0"]
[WhiteElo "2228"]
[BlackElo "2067"]

1.c4 Nf6 2.Nc3 c5 3.Nf3 e6 4.d4 cxd4 5.Nxd4 b6 6.e4 d6 7.Be3 Bb7 8.f3 Be7
9.Be2 O-O 10.O-O a6 11.Qd2 Qc7 12.Rac1 Nbd7 13.Rfd1 Rac8 14.Bf1 Rfe8 15.Bf2 Ne5
16.Na4 Nfd7 17.b4 Red8 18.Qe3 Rb8 19.h3 Ng6 20.Bg3 Re8 21.c5 e5 22.cxb6 Qd8
23.Nc6 Bg5 24.Qb3 Bxc6 25.Rxc6 Be7 26.Bf2 Bf8 27.Bc4 Qf6 28.Rc7 Red8 29.Nc3 Nf4
30.Nd5 Nxd5 31.Bxd5 Kh8 32.b7 g6 33.Ba7 Bh6 34.Rxd7  1-0

[Event "3rd Open"]
[Site "Backa Palanka YUG"]
[Date "2002.05.03"]
[Round "2"]
[White "Arsovic,Z"]
[Black "Brujic,B"]
[Result "1-0"]
[WhiteElo "2416"]
[BlackElo "2229"]

1.Nf3 Nf6 2.c4 c5 3.Nc3 b6 4.e3 g6 5.d4 Bg7 6.Be2 O-O 7.O-O Re8 8.d5 e6 9.e4 exd5
10.e5 Ne4 11.Nxd5 Bb7 12.Bd3 f5 13.exf6 Nxf6 14.Bg5 Nc6 15.Qd2 d6 16.Rae1 Ne5
17.Nxe5 dxe5 18.f4 e4 19.Bxf6 Bxf6 20.Bxe4 Bd4+ 21.Kh1 Kh8 22.b3 Qh4 23.g3 Qh6
24.Qd3 Rad8 25.Bf3 Qg7 26.f5 gxf5 27.Qxf5 b5 28.Qh5 Re5 29.Rxe5 Qxe5 30.Qxe5+ Bxe5
31.Re1 Bxd5 32.Bxd5 Bf6 33.Re6 Kg7 34.Rc6 bxc4 35.Rc7+ Kh6 36.bxc4 Rb8 37.Rxa7 Rb1+
38.Kg2 Rb2+ 39.Kh3 Bd4 40.Kg4  1-0

[Event "ch-UKR"]
[Site "Alushta UKR"]
[Date "2002.05.04"]
[Round "2"]
[White "Ustianovich,N"]
[Black "Levenko,V"]
[Result "1-0"]
[WhiteElo "2290"]
[BlackElo "2098"]

1.Nf3 Nf6 2.c4 c5 3.Nc3 b6 4.d4 cxd4 5.Nxd4 Bb7 6.f3 d6 7.e4 Nbd7 8.Be3 a6
9.Be2 e6 10.O-O Be7 11.a4 O-O 12.a5 Qc7 13.Nb3 Rac8 14.axb6 Nxb6 15.Na5 Ba8
16.Rb1 Rfd8 17.Qd4 Rb8 18.b4 Nbd7 19.Qa7 Bb7 20.Rfc1 Ne5 21.Bb6 Qc8 22.Bxd8 Bxd8
23.Nxb7 Rxb7 24.Qxa6 Qd7 25.c5 Qc8 26.Nb5 Ne8 27.Nxd6 Nxd6 28.Qxd6 Be7 29.Qd2 Ng6
30.Ba6 Qc6 31.Bxb7 Qxb7 32.b5 Qb8 33.g3 Ne5 34.Kg2 Bd8 35.b6 Nc6 36.Qd7  1-0

[Event "ch-UKR"]
[Site "Alushta UKR"]
[Date "2002.05.06"]
[Round "4"]
[White "Kushch,N"]
[Black "Fedorchuk,S"]
[Result "1/2-1/2"]
[WhiteElo "2405"]
[BlackElo "2526"]

1.Nf3 Nf6 2.c4 e6 3.Nc3 c5 4.e3 Be7 5.d4 cxd4 6.exd4 d5 7.cxd5 exd5 8.Bb5+ Bd7
9.Bxd7+ Nbxd7 10.O-O O-O 11.Qb3 Nb6 12.Re1 h6 13.Bf4 Rc8 14.Re2 Rc4 15.a3 Bd6
16.Bxd6 Qxd6 17.Ne5 Rcc8 18.a4 Qc7 19.h3 Rfe8 20.Rae1 Re6 21.a5 Nc4 22.Nxc4 dxc4
23.Qb4 Rce8 24.Rxe6 Rxe6 25.Rd1 Nh5 26.Nd5 Qd8 27.Ne3 Nf4 28.Qxb7 Ne2+ 29.Kh1 Qh4
30.Qf3 Nxd4 31.Qa8+ Kh7 32.Qxa7 Qxf2 33.Qxd4 Rxe3 34.Qxc4 Rxh3+ 35.gxh3 Qf3+
36.Kg1 Qxd1+ 37.Qf1 Qd4+ 38.Qf2 Qd1+ 39.Kh2 Qd6+ 40.Kg1 Qd1+  1/2-1/2

[Event "FSIM May"]
[Site "Budapest HUN"]
[Date "2002.05.09"]
[Round "6"]
[White "Volodin,V"]
[Black "Brustkern,J"]
[Result "1/2-1/2"]
[WhiteElo "2319"]
[BlackElo "2293"]

1.Nf3 Nf6 2.c4 c5 3.Nc3 b6 4.d4 cxd4 5.Nxd4 Bb7 6.f3 d6 7.e4 e6 8.Be2 Be7
9.Be3 O-O 10.O-O a6 11.Qd2 Qc7 12.Rfd1 Nbd7 13.Bf1 Rac8 14.Rac1 Rfe8 15.b3 Qb8
16.Kh1 Kh8 17.Nde2 Rg8 18.g4 g5 19.Bg2 h6 20.Ng3 Bc6 21.Nce2 Ne5 22.Bd4 Kh7
23.Qb4 Nfd7 24.Nh5 Nc5 25.Qc3 a5  1/2-1/2

[Event "TCh-NOR Finals"]
[Site "Oslo NOR"]
[Date "2002.05.09"]
[Round "2"]
[White "Ekeberg,C"]
[Black "Kolas,T"]
[Result "1-0"]
[WhiteElo "2188"]
[BlackElo "2181"]

1.Nf3 Nf6 2.c4 e6 3.Nc3 c5 4.g3 b6 5.Bg2 Bb7 6.O-O Be7 7.Re1 O-O 8.e4 Nc6
9.d4 cxd4 10.Nxd4 Rc8 11.Nc2 d6 12.b3 a6 13.Be3 Qc7 14.Rc1 Rfe8 15.f4 Nd7
16.Re2 Bf6 17.Ne1 Nc5 18.Nd3 Bd4 19.Bf2 Red8 20.Rd2 Nxd3 21.Rxd3 Bxf2+ 22.Kxf2 Nb4
23.Rd2 Qc5+ 24.Kf1 b5 25.a3 Nc6 26.b4 Qxc4+ 27.Ne2 Ne5 28.fxe5  1-0

[Event "Dutch Team Playoffs"]
[Site "Enschede NED"]
[Date "2002.05.10"]
[Round "2"]
[White "Janssen,R"]
[Black "De Vreugt,D"]
[Result "1/2-1/2"]
[WhiteElo "2469"]
[BlackElo "2457"]

1.Nf3 c5 2.c4 Nf6 3.Nc3 b6 4.e4 d6 5.d4 cxd4 6.Nxd4 Bb7 7.f3 e6 8.Be3 Be7
9.g4 h6 10.Bg2 Nc6 11.Nxc6 Bxc6 12.O-O a6 13.a4 e5 14.Rf2 Rc8 15.Rd2 O-O
16.b4 Bb7 17.Bf1 d5 18.Nxd5 Nxd5 19.cxd5 Bxb4 20.Rc2 Qd6 21.Rac1 Ba3 22.Rxc8 Rxc8
23.Rxc8+ Bxc8 24.Qc2 Bc5 25.Bf2 g5 26.Kg2 Bb7 27.Bxc5 Qxc5 28.Qxc5  1/2-1/2

[Event "Capablanca Mem Premier I"]
[Site "Havana CUB"]
[Date "2002.05.15"]
[Round "9"]
[White "Vassallo,M"]
[Black "Borges Mateos,J"]
[Result "1-0"]
[WhiteElo "2438"]
[BlackElo "2438"]

1.Nf3 c5 2.c4 Nf6 3.Nc3 e6 4.g3 b6 5.Bg2 Bb7 6.O-O Be7 7.Re1 O-O 8.e4 d6
9.d4 cxd4 10.Nxd4 Qc8 11.Be3 Nbd7 12.Rc1 a6 13.f4 g6 14.h3 Ra7 15.g4 Ba8
16.g5 Ne8 17.f5 gxf5 18.exf5 Bxg2 19.Kxg2 Qxc4 20.b3 Qc8 21.f6 Bd8 22.Nd5 Qb7
23.Nc6 Ra8 24.Nde7+ Bxe7 25.Qf3  1-0

[Event "9th RUS-chT"]
[Site "Ekaterinburg RUS"]
[Date "2002.05.18"]
[Round "2"]
[White "Balashov,Y"]
[Black "Makarov,M"]
[Result "1/2-1/2"]
[WhiteElo "2533"]
[BlackElo "2523"]

1.c4 c5 2.Nf3 Nf6 3.Nc3 e6 4.g3 b6 5.Bg2 Bb7 6.O-O Be7 7.b3 O-O 8.Bb2 d5
9.cxd5 exd5 10.d4 Na6 11.Rc1 Re8 12.e3 Bf8 13.Ne5 Nc7 14.Na4 Ne6 15.dxc5 bxc5
16.Nd3 Rc8 17.Re1 Ba8 18.Rc2 c4 19.Nf4 Nxf4 20.gxf4 Ne4 21.Qg4 Rc6 22.Bd4 Rg6
23.Qh5 Rh6 24.Qg4 Rg6 25.Qh5 Rh6 26.Qg4  1/2-1/2

[Event "Open"]
[Site "Pula CRO"]
[Date "2002.05.19"]
[Round "9"]
[White "Bistric,F"]
[Black "Stocek,J"]
[Result "0-1"]
[WhiteElo "2494"]
[BlackElo "2566"]

1.Nf3 Nf6 2.c4 c5 3.Nc3 b6 4.e4 d6 5.d4 cxd4 6.Nxd4 Bb7 7.Qe2 Nbd7 8.g3 Rc8
9.Bg2 Qc7 10.b3 e6 11.O-O Be7 12.g4 h6 13.f4 a6 14.a4 g6 15.Ba3 Nc5 16.Rae1 g5
17.Nd5 exd5 18.exd5 Kf8 19.fxg5 hxg5 20.Bb2 Rg8 21.Rf3 Rg6 22.Re3 Re8 23.Nf5 Ng8
24.Qc2 Bc8 25.b4 Nd7 26.Be4 Bf6 27.Bd4 Rh6 28.Bb2 Bxb2 29.Qxb2 Rf6 30.h4 Ne5
31.hxg5 Rg6 32.Nxd6 Rxd6 33.Bg2 Qxc4 34.Rxe5 Red8 35.Qf2 Qxb4 36.R1e4 Qc5
37.Re3 Bxg4 38.Kh2 Bh5 39.Qe1 Qc8 40.Bh3 Qc4 41.Kg3 Rxd5 42.Bf5 Qc7 43.Kh4 Rxe5
44.Rxe5 Bg6 45.Qg3 Ne7 46.Bg4 Rd5  0-1

[Event "V It"]
[Site "Santo Antonio POR"]
[Date "2002.05.20"]
[Round "1"]
[White "Pinheiro,J"]
[Black "Fernandez Romero,Ern"]
[Result "1/2-1/2"]
[WhiteElo "2368"]
[BlackElo "2352"]

1.Nf3 Nf6 2.c4 c5 3.Nc3 d5 4.cxd5 Nxd5 5.g3 Nc6 6.Bg2 Nc7 7.O-O e5 8.a3 f6
9.d3 Be6 10.Be3 Qd7 11.Rc1 Rc8 12.Qa4 a6 13.Qd1 Nd4 14.Nd2 b5 15.Bb7 Rb8
16.Bg2 f5 17.f4 Bd6 18.b4 cxb4 19.Bxd4 exd4 20.Nxb5 O-O 21.Nxd6 Qxd6 22.Rc6 Qe7
23.axb4 Rxb4 24.Nc4 Nd5 25.Rxa6 Nc3 26.Qd2 Bxc4 27.dxc4 Rxc4 28.Bf3 Re8  1/2-1/2

[Event "Tanta Open"]
[Site "Tanta City EGY"]
[Date "2002.05.21"]
[Round "8"]
[White "Hakki,I"]
[Black "El Ghazali,Y"]
[Result "1-0"]
[WhiteElo "2431"]
[BlackElo "2303"]

1.Nf3 c5 2.c4 Nf6 3.Nc3 d5 4.cxd5 Nxd5 5.e4 Nb4 6.Bc4 Nd3+ 7.Ke2 Nf4+ 8.Kf1 Ne6
9.Ne5 Nc6 10.Nxc6 bxc6 11.d3 g6 12.Na4 Bg7 13.Bxe6 Bxe6 14.Nxc5 Bc8 15.Qc2 Rb8
16.Rb1 O-O 17.Be3 Bd4 18.Bxd4 Qxd4 19.Ke2 Rb5 20.Rhc1 Qd6 21.g3 Rd8 22.b4 a5
23.a4 Rxb4 24.Rxb4 axb4 25.f3 Qe5 26.Qd2 Qh5 27.h4 Qe5 28.Qf4 Qb2+ 29.Qd2 Qe5
30.Kf2 Qb8 31.Rc4 Qa7 32.Qxb4 Rxd3 33.a5 Ba6 34.Rd4 Rxd4 35.Qxd4 Bb5 36.Qd8+ Kg7
37.Qb6 Qa8 38.a6 Qc8 39.g4 g5 40.Qb7 Qf8  1-0

[Event "4th Borowski GM"]
[Site "Essen GER"]
[Date "2002.05.22"]
[Round "6"]
[White "Zvjaginsev,V"]
[Black "Lutz,C"]
[Result "1/2-1/2"]
[WhiteElo "2645"]
[BlackElo "2644"]

1.Nf3 Nf6 2.c4 e6 3.Nc3 c5 4.e3 Nc6 5.d4 d5 6.cxd5 exd5 7.Bb5 Bd6 8.O-O O-O
9.dxc5 Bxc5 10.b3 Bg4 11.Bb2 Rc8 12.Rc1 Bd6 13.Be2 Bb8 14.h3 Bh5 15.Nh4 Qd6
16.g3 Bxe2 17.Nxe2 Rfd8 18.Nd4 Ne5 19.Rxc8 Rxc8 20.Ndf3 Qe6 21.Ng5 Qd7 22.f4 Ng6
23.Nxg6 hxg6 24.Qd3 a6 25.Bd4 Ne4 26.Nxe4 dxe4 27.Qxe4 Qxh3 28.Qg2 Qg4 29.Qf3 Qh3
30.Qg2 Qg4 31.Qf3 Qh3  1/2-1/2

[Event "Guillermo Garcia ALFIL"]
[Site "Santa Clara CUB"]
[Date "2002.05.24"]
[Round "6"]
[White "Del Rio Angelis,S"]
[Black "Gunnarsson,J"]
[Result "1-0"]
[WhiteElo "2495"]
[BlackElo "2396"]

1.c4 Nf6 2.Nc3 c5 3.Nf3 b6 4.g3 Bb7 5.Bg2 e6 6.O-O Be7 7.Re1 d6 8.e4 Nbd7
9.d4 cxd4 10.Nxd4 Qc7 11.Be3 a6 12.Rc1 O-O 13.f4 Rac8 14.g4 Nc5 15.Bf2 Rfd8
16.g5 Ne8 17.h4 Bf8 18.f5 g6 19.Bh3 Ng7 20.b4 gxf5 21.exf5 e5 22.Nc2 Nd7
23.Ne3 b5 24.Ncd5 Qb8 25.f6 Ne6 26.g6 hxg6 27.Bxe6 fxe6 28.Qg4 exd5 29.Qxg6+ Kh8
30.f7  1-0

[Event "ch-LTU"]
[Site "Vilnius LTU"]
[Date "2002.05.24"]
[Round "10"]
[White "Ruzele,D"]
[Black "Samulevicius,T"]
[Result "0-1"]
[WhiteElo "2545"]
[BlackElo "2286"]

1.Nf3 c5 2.c4 Nf6 3.Nc3 e6 4.g3 b6 5.Bg2 Bb7 6.O-O Be7 7.Re1 O-O 8.e4 d6
9.d4 cxd4 10.Nxd4 Qc7 11.Be3 a6 12.Rc1 Nbd7 13.f4 Rfe8 14.f5 Bf8 15.fxe6 fxe6
16.Bh3 Nc5 17.b4 Ncxe4 18.Bxe6+ Rxe6 19.Nxe6 Qc6 20.Nd5 b5 21.Nd4 Qd7 22.Qf3 Qf7
23.Qf1 bxc4 24.Nb6 c3 25.Nxa8 Bxa8 26.Qxa6 Qd5 27.Qf1 Nd2 28.Qh3 Ng4  0-1

[Event "Guillermo Garcia TORRE"]
[Site "Santa Clara CUB"]
[Date "2002.05.25"]
[Round "7"]
[White "Nogueiras,J"]
[Black "Garza Marco,S"]
[Result "1-0"]
[WhiteElo "2534"]
[BlackElo "2417"]

1.Nf3 Nf6 2.c4 c5 3.Nc3 e6 4.e4 Nc6 5.Be2 a6 6.O-O Qc7 7.d4 cxd4 8.Nxd4 Bb4
9.Nxc6 bxc6 10.Qc2 Be7 11.Na4 c5 12.f4 d6 13.Bf3 Bb7 14.Be3 O-O 15.Rad1 Nd7
16.b3 Nb6 17.Nc3 Nd7 18.Qf2 Bc6 19.Rd3 Rad8 20.Rfd1 Qb7 21.Qe2 Bf6 22.Bf2 Be7
23.Qd2 Nf6 24.Qe2 Nd7 25.Bg3 Rfe8 26.R1d2 g6 27.e5 dxe5 28.fxe5 Nb8 29.Bxc6 Nxc6
30.Ne4 Rxd3 31.Rxd3 Nd4 32.Qe3 Nf5 33.Qf3 Nd4 34.Nf6+  1-0

[Event "Open A"]
[Site "Ostrava CZE"]
[Date "2002.05.26"]
[Round "10"]
[White "Orzechowski,J"]
[Black "Lahner,J"]
[Result "1/2-1/2"]
[WhiteElo "2258"]
[BlackElo "2235"]

1.Nf3 Nf6 2.c4 c5 3.Nc3 e6 4.e3 b6 5.d4 cxd4 6.exd4 Bb4 7.Bd3 O-O 8.O-O h6
9.Bd2 Bb7 10.Re1 d5 11.cxd5 Nxd5 12.Qe2 Nd7 13.a3 Nxc3 14.bxc3 Ba5 15.Red1 Rc8
16.c4 Bxd2 17.Rxd2 Qf6 18.Rc1 Rfd8 19.Be4 Bxe4 20.Qxe4 Rc7 21.Rdc2 Rdc8 22.h3 Qe7
23.Qe3 Qd6 24.Qb3 a5 25.Rc3 Qc6 26.a4 Nf6 27.Qb5 Qxb5 28.axb5 Ne4 29.R3c2 Nd6
30.c5 Nxb5 31.Rb2 Na7 32.Rxb6 Nc6 33.Ra1 Rd7 34.Ra4 Rd5 35.Kf1 e5 36.Rxc6 Rxc6
37.Nxe5 Rxe5 38.dxe5 Rxc5 39.f4 g5 40.fxg5 hxg5 41.Re4 Kf8 42.e6 f6 43.e7+ Ke8
44.Re6 Rf5+ 45.Kg1 a4 46.Ra6 Rf4 47.Ra7  1/2-1/2

[Event "Open"]
[Site "Lido Estensi ITA"]
[Date "2002.06.11"]
[Round "4"]
[White "Sulava,N"]
[Black "Wohl,A"]
[Result "1-0"]
[WhiteElo "2548"]
[BlackElo "2388"]

1.Nf3 c5 2.c4 Nf6 3.Nc3 b6 4.e3 g6 5.d4 Bg7 6.d5 O-O 7.Bd3 d6 8.O-O Na6 9.e4 Nc7
10.Bg5 Bg4 11.h3 Bd7 12.Re1 e5 13.dxe6 Nxe6 14.Bh4 Bc6 15.Qd2 Qd7 16.e5 Nh5
17.Be4 Nd4 18.Nd5 dxe5 19.Nxd4 Bxd5 20.Nf3 Be6 21.Qxd7 Bxd7 22.Bxa8 Rxa8
23.Nxe5 Be6 24.Rad1 h6 25.Rd8+ Rxd8 26.Bxd8 Nf4 27.b3 Bc8 28.Nc6 Bb7 29.Nxa7 Bc3
30.Re7  1-0

[Event "3rd IECC"]
[Site "Batumi GEO"]
[Date "2002.06.15"]
[Round "4"]
[White "Jirovsky,M"]
[Black "Morchiashvili,B"]
[Result "1-0"]
[WhiteElo "2446"]
[BlackElo "2167"]

1.c4 c5 2.Nf3 Nf6 3.Nc3 b6 4.g3 Bb7 5.Bg2 e6 6.O-O Be7 7.d4 cxd4 8.Qxd4 d6
9.Rd1 a6 10.Ng5 Bxg2 11.Kxg2 Nc6 12.Qf4 O-O 13.Nce4 Nxe4 14.Qxe4 Bxg5 15.Qxc6 Be7
16.Be3 Rc8 17.Qa4 Ra8 18.Qb3 Qc7 19.Rac1 Rab8 20.Bf4 Rfc8 21.e4 Qc6 22.Qf3 h6
23.b3 a5 24.a4 Rd8 25.Rd3 Bg5 26.Rcd1 Bxf4 27.Qxf4 e5 28.Qg4 Rd7 29.Rd5 Re8
30.Kf1 Re6 31.Ke2 Qc7 32.Kd3 Rg6 33.Qh3 Rf6 34.Rd2 Qb7 35.Kc2 b5 36.axb5 a4
37.f4 exf4 38.e5 Re6 39.gxf4 a3 40.Kb1 a2+ 41.Kxa2 Qa8+ 42.Kb1 Ra7 43.Qc3 Rg6
44.Rd1 Rg2 45.Rxd6 Qe4+ 46.Qd3 Qxd3+ 47.R1xd3 Raa2 48.Rd8+ Kh7 49.b6 Rab2+
50.Kc1 Rgc2+ 51.Kd1 Rxh2 52.Rd2 Rh1+ 53.Ke2 Rxb3 54.c5 Rh2+ 55.Kd1 Rh1+ 56.Kc2 Rhb1
57.c6 R3b2+ 58.Kd3 Rb3+ 59.Ke2 Rh1 60.c7 Rh2+ 61.Kd1 Rh1+ 62.Kc2  1-0

[Event "Open"]
[Site "Lido Estensi ITA"]
[Date "2002.06.15"]
[Round "8"]
[White "Sulava,N"]
[Black "Tatai,S"]
[Result "1-0"]
[WhiteElo "2548"]
[BlackElo "2358"]

1.Nf3 c5 2.c4 Nf6 3.Nc3 g6 4.e4 Bg7 5.d4 cxd4 6.Nxd4 Nc6 7.Be3 Ng4 8.Qxg4 Nxd4
9.Qd1 Nc6 10.Qd2 Qa5 11.Rc1 d6 12.Be2 O-O 13.O-O Be6 14.f4 f5 15.exf5 gxf5
16.Rfd1 Kh8 17.b3 Rac8 18.Bf3 a6 19.Na4 Qc7 20.Kh1 Bg8 21.Bb6 Qb8 22.Bf2 Rcd8
23.Bh4 Rde8 24.Nb6 Qd8 25.c5 Bf7 26.Bf2 dxc5 27.Nd7 Rg8 28.Nxc5 Qb8 29.Nxb7 Nd8
30.Nc5 e5 31.Nd7 Qb5 32.Rc5  1-0

[Event "6th Open"]
[Site "Voronezh RUS"]
[Date "2002.06.18"]
[Round "6"]
[White "Tolstikh,N"]
[Black "Rodin,D"]
[Result "1-0"]
[WhiteElo "2480"]
[BlackElo "2406"]

1.Nf3 Nf6 2.c4 c5 3.Nc3 g6 4.d4 cxd4 5.Nxd4 Bg7 6.e4 d6 7.Be2 O-O 8.O-O Nc6
9.Be3 Bd7 10.Qd2 Re8 11.f3 a6 12.Rfd1 Qa5 13.Nb3 Qh5 14.Nd5 Rac8 15.Nf4 Qe5
16.Nd3 Qh5 17.Rac1 Be6 18.Nf2 g5 19.Bxg5 Qg6 20.f4 h6 21.Bh4 Nxe4 22.Nxe4 Qxe4
23.Bd3 Bd4+ 24.Bf2  1-0

[Event "13th Open"]
[Site "Ljubljana SLO"]
[Date "2002.06.24"]
[Round "3"]
[White "Vukanovic,S"]
[Black "Hari,V"]
[Result "1-0"]
[WhiteElo "2361"]
[BlackElo "2051"]

1.Nf3 Nf6 2.c4 c5 3.Nc3 e6 4.g3 b6 5.Bg2 Bb7 6.O-O Be7 7.d4 cxd4 8.Qxd4 d6
9.Bg5 a6 10.Bxf6 Bxf6 11.Qd3 O-O 12.Rad1 Be7 13.Ng5 Bxg5 14.Bxb7 Ra7 15.Be4 f5
16.Bg2 Be7 17.f4 Nd7 18.e4 g6 19.Qe2 Rf6 20.Rfe1 Kf8 21.exf5 gxf5 22.Qh5 Kg7
23.Ne2 Rh6 24.Qf3 Qc8 25.Nd4 Nb8 26.Qe2 Qc5 27.b4 Qxb4 28.Nxe6+ Kh8 29.c5 dxc5
30.Qe5+ Rf6 31.Qxb8+  1-0

[Event "TSGM June"]
[Site "Belgrade YUG"]
[Date "2002.06.25"]
[Round "11"]
[White "Andonov,B"]
[Black "Milanovic,Da"]
[Result "0-1"]
[WhiteElo "2364"]
[BlackElo "2427"]

1.Nf3 c5 2.c4 Nf6 3.Nc3 g6 4.e4 Bg7 5.d4 O-O 6.Be2 cxd4 7.Nxd4 d6 8.O-O Nc6
9.Be3 Bd7 10.Qd2 Nxd4 11.Bxd4 Bc6 12.f3 Nd7 13.Be3 a5 14.b3 Nc5 15.Rab1 Qb6
16.Rfc1 Rfc8 17.a3 Nxb3 18.Qd3 Nxc1  0-1

[Event "3rd IECC"]
[Site "Batumi GEO"]
[Date "2002.06.26"]
[Round "13"]
[White "Kharlov,A"]
[Black "Izoria,Z"]
[Result "1/2-1/2"]
[WhiteElo "2633"]
[BlackElo "2556"]

1.c4 c5 2.Nc3 Nf6 3.Nf3 e6 4.e3 d5 5.d4 cxd4 6.exd4 Bb4 7.cxd5 Nxd5 8.Qc2 Nc6
9.Be2 O-O 10.O-O Re8 11.Rd1 Bd7 12.Ng5 g6 13.h4 h6 14.Nf3 Bf8 15.h5 g5 16.Bc4 Rc8
17.Qe4 Bg7 18.Bb3 Na5 19.Bc2 f5 20.Qe1 Nxc3 21.bxc3 Qc7 22.Ne5 Qxc3 23.Qxc3 Rxc3
24.Bxf5 exf5 25.Bd2 Bxe5 26.dxe5 Rc5 27.Bb4 Rcxe5 28.Rxd7 Nc6 29.Rxb7 Nxb4  1/2-1/2

[Event "IV Shakkinet B"]
[Site "Helsinki FIN"]
[Date "2002.06.28"]
[Round "5"]
[White "Liitiainen,E"]
[Black "Karlsen,T"]
[Result "1-0"]
[WhiteElo "2164"]
[BlackElo "2121"]

1.Nf3 c5 2.c4 Nf6 3.Nc3 d5 4.cxd5 Nxd5 5.g3 Nc6 6.Bg2 Nc7 7.O-O e5 8.d3 Be7
9.Nd2 Bd7 10.Nc4 f6 11.a4 Ne6 12.Nd5 O-O 13.f4 exf4 14.gxf4 f5 15.Bd2 Rf7
16.Nxe7+ Qxe7 17.Bc3 Rc8 18.Kh1 b6 19.e3 Rd8 20.Qb3 Be8 21.Rad1 Kh8 22.Rg1 Nc7
23.Ne5 Nxe5 24.Bxe5 Qe6 25.Qc3 Bc6 26.e4 Kg8 27.exf5 Bxg2+ 28.Rxg2 Qd7 29.Bxg7 h5
30.Bf6+ Kh7 31.Bxd8 Qxd8 32.Rdg1 Qd5 33.Qe1 Qxd3 34.Qh4 Qf3 35.Qg5  1-0

[Event "II Open"]
[Site "St Chely d'Aubrac FRA"]
[Date "2002.06.29"]
[Round "3"]
[White "Voiska,M"]
[Black "Cosma,I"]
[Result "0-1"]
[WhiteElo "2300"]
[BlackElo "2463"]

1.c4 Nf6 2.Nf3 c5 3.Nc3 e6 4.e4 Nc6 5.d3 Be7 6.e5 Ng4 7.Bf4 d6 8.exd6 Bxd6
9.Bxd6 Qxd6 10.h3 Nf6 11.Ne4 Qe7 12.Qd2 b6 13.O-O-O Bb7 14.Qf4 O-O-O 15.Nxf6 Qxf6
16.Qxf6 gxf6 17.a3 Rhg8 18.Rh2 Kc7 19.Be2 f5 20.g4 f4 21.h4 Rg7 22.g5 Ne7
23.Ne5 Nf5 24.Bh5 Rf8 25.Bf3 f6 26.gxf6 Rxf6 27.Bxb7 Kxb7 28.Nf3 Rfg6 29.d4 Rg2
30.d5 Rxh2 31.Nxh2 exd5 32.Rxd5 Rg1+ 33.Kd2 Nd4 34.b4 Rg2 35.Nf1 Rxf2+ 36.Ke1 Re2+
37.Kd1 Ra2  0-1